00751cam a22001812 4500001001100000005001700011008004100028020001200069040001500081050002200096100003700118245020000155260004300355300003200398504005300430651004100483651004500524000000158920151217151820.0070316s xx 000 0 eng d cKES 450 aKABUcKABU 0aHC800b.A517 19991 aAbaayo, Omar Jibich.@000015045714aThe Power base behind under-development in post independent Africa :ba tentative approach through scenario building /cby Omar Jibich Abaayo; edited by Nyambaka, H. N., H. G., Ibrahim A. Khalif. aNairobi, Kenya :bO. J. Abaayo,c1999. ax, 181 p. :bill. ;c25 cm. aIncludes bibliographical references (p. 175-180) 0aAfricaxEconomic policy.@0000150458 0aAfricaxEconomic conditions.@0000150453